000 00843cam a22002534a 4500
001 11952507
005 20180222040205.0
008 000324s2001 ohua b 001 0 eng
010 _a 00036995
020 _a032402097X (pbk. : alk. paper)
040 _aDLC
_cDLC
_dDLC
041 _aeng
042 _apcc
080 _a658.1 daf
082 0 0 _a658.1 daf
_221
100 1 _a56
101 _abnj
245 1 0 _aEssentials of organization theory & design /
_cRichard L. Daft.
246 3 _aEssentials of organization theory and design
504 _aIncludes bibliographical references and indexes.
906 _a7
_bcbc
_corignew
_d1
_eocip
_f20
_gy-gencatlg
942 _2ddc
_cBK
999 _c43134
_d43134